[Event "Corus A"]
[Site "Wijk aan Zee NED"]
[Date "2007.01.20"]
[Round "7"]
[White "Ponomariov, Ruslan"]
[Black "Topalov, Veselin"]
[Result "0-1"]
[WhiteElo "2723"]
[BlackElo "2783"]
[EventDate "2007.01.13"]

1.d4 Cf6 2.c4 g6 3.Cc3 Fg7 4.e4 d6 5.h3 O-O 6.Fg5 c5 7.d5 e6 8.Fd3 exd5 9.
cxd5 Te8 10.Cge2 Cbd7 11.O-O h6 12.Fe3 Ce5 13.a4 Cxd3 14.Dxd3 b6 15.Cg3 
Ch7 16.f4 h5 17.f5 h4 18.fxg6 fxg6 19.Cge2 g5 20.Tf2 a6 21.Taf1 Ta7 22.Cb1
g4 23.hxg4 Fxg4 24.Cd2 Fxb2 25.Cc3 Tg7 26.Cc4 Fxc3 27.Dxc3 Fh5 28.Ff4 Txe4
29.Ce3 Df6 30.Dc2 Fg6 31.Cg4 Dd4 32.Ch6+ Rh8 33.Fc1 Te1 34.Dd2 Txf1+ 35.
Rxf1 Fd3+ 36.Rg1 Cg5 37.Rh2 Ce4 38.Tf8+ Rh7 39.Df4 Cc3 40.Dxd4 cxd4 41.Cf7
Ce4 42.Fb2 Ff1 43.Th8+ Rg6 44.Txh4 Rxf7 45.Tf4+ Rg8 46.Txf1 Th7+ 47.Rg1 d3
48.Td1 Th1+ 49.Rxh1 Cf2+ 50.Rg1 Cxd1 51.Fc1 Cb2 52.Rf2 Cxa4 53.Ff4 Cc3 54.
Rf3 a5 55.Fd2 Cb1 56.Ff4 a4 57.Fxd6 d2 58.Re2 Cc3+ 0-1

[Event "Corus A"]
[Site "Wijk aan Zee NED"]
[Date "2007.01.21"]
[Round "8"]
[White "Topalov, Veselin"]
[Black "Anand, Viswanathan"]
[Result "1-0"]
[WhiteElo "2783"]
[BlackElo "2779"]
[EventDate "2007.01.13"]

1.d4 Cf6 2.c4 e6 3.Cf3 b6 4.g3 Fa6 5.b3 Fb4+ 6.Fd2 Fe7 7.Fg2 c6 8.Fc3 d5 
9.Ce5 Cfd7 10.Cxd7 Cxd7 11.Cd2 O-O 12.O-O Cf6 13.e4 dxe4 14.a4 Cd5 15.cxd5
Fxf1 16.d6 Fxg2 17.dxe7 Dxe7 18.Rxg2 f5 19.b4 Dd7 20.De2 Dd5 21.f3 exf3+ 
22.Cxf3 h6 23.Te1 Tfe8 24.Dc2 Tad8 25.Fd2 Dd7 26.Rf2 Tc8 27.Ff4 Dd5 28.Te5
Dd7 29.h4 Ta8 30.Fd2 Tac8 31.Dc4 Rh7 32.Fc3 Dd6 33.Ce1 b5 34.Dc5 Dd8 35.
Cd3 1-0

[Event "Corus A"]
[Site "Wijk aan Zee NED"]
[Date "2007.01.23"]
[Round "9"]
[White "Aronian, Levon"]
[Black "Topalov, Veselin"]
[Result "1/2-1/2"]
[WhiteElo "2744"]
[BlackElo "2783"]
[EventDate "2007.01.13"]

1.c4 e5 2.Cc3 Cf6 3.Cf3 Cc6 4.g3 d5 5.cxd5 Cxd5 6.Fg2 Cb6 7.O-O Fe7 8.Tb1 
a5 9.d3 Fe6 10.Fe3 O-O 11.Fxb6 cxb6 12.e3 b5 13.Cxb5 Fxa2 14.Tc1 a4 15.Cc3
Fb3 16.De2 Fe6 17.Ta1 a3 18.bxa3 Txa3 19.Txa3 Fxa3 20.Cb5 Fe7 21.d4 Fg4 
22.h3 Fxf3 23.Fxf3 exd4 24.exd4 Ff6 25.Td1 Db6 26.Dc4 Td8 27.Rg2 Cxd4 28.
Cxd4 Txd4 1/2-1/2

[Event "Corus A"]
[Site "Wijk aan Zee NED"]
[Date "2007.01.24"]
[Round "10"]
[White "Topalov, Veselin"]
[Black "Carlsen, Magnus"]
[Result "1-0"]
[WhiteElo "2783"]
[BlackElo "2690"]
[EventDate "2007.01.13"]

1.d4 Cf6 2.c4 e6 3.Cf3 d5 4.Cc3 Fb4 5.cxd5 exd5 6.Fg5 O-O 7.e3 c5 8.dxc5 
Cbd7 9.Tc1 Da5 10.a3 Fxc3+ 11.Txc3 Ce4 12.b4 Cxc3 13.Da1 Da4 14.Dxc3 a5 
15.b5 Cxc5 16.Dxc5 Fe6 17.Dc1 Tfc8 18.Da1 Dc2 19.Fe2 Dc1+ 20.Dxc1 Txc1+ 
21.Fd1 Ta1 22.a4 Tc8 23.Cd4 Tc4 24.O-O f6 25.Ff4 Ff7 26.h4 1-0

[Event "Corus A"]
[Site "Wijk aan Zee NED"]
[Date "2007.01.26"]
[Round "11"]
[White "Svidler, Peter"]
[Black "Topalov, Veselin"]
[Result "1-0"]
[WhiteElo "2728"]
[BlackElo "2783"]
[EventDate "2007.01.13"]

1.e4 c5 2.Cf3 d6 3.d4 cxd4 4.Cxd4 Cf6 5.Cc3 a6 6.Fe3 e5 7.Cb3 Fe6 8.Dd2 
Cbd7 9.O-O-O Fe7 10.f3 h5 11.Rb1 Dc7 12.Fd3 b5 13.Fg5 Cb6 14.f4 Tb8 15.
The1 Cc4 16.Fxc4 bxc4 17.Cc1 Db7 18.b3 exf4 19.Fxf4 O-O 20.Fxd6 Fxd6 21.
Dxd6 Tfc8 22.Cd5 Cxd5 23.exd5 Ff5 24.Td2 Fg6 25.Te7 Db5 26.Tc7 Da5 27.
Txc8+ Txc8 28.Te2 cxb3 29.axb3 Dc3 30.Dg3 Fxc2+ 31.Ra2 Fb1+ 32.Rxb1 Dxc1+ 
33.Ra2 Tc5 34.Db8+ Rh7 35.Db4 f5 36.Dd2 Dxd2+ 37.Txd2 Rg6 38.b4 Tc8 39.Rb3
Rf7 40.Ta2 Ta8 41.h4 f4 42.Te2 Rf6 43.Rc4 Tc8+ 44.Rd4 Tb8 45.d6 Txb4+ 46.
Rc5 Tb1 47.Td2 Tb8 48.d7 1-0

[Event "Corus A"]
[Site "Wijk aan Zee NED"]
[Date "2007.01.27"]
[Round "12"]
[White "Topalov, Veselin"]
[Black "Kramnik, Vladimir"]
[Result "1/2-1/2"]
[WhiteElo "2783"]
[BlackElo "2766"]
[EventDate "2007.01.13"]

1.d4 Cf6 2.c4 e6 3.Cf3 d5 4.Cc3 Fe7 5.Ff4 O-O 6.e3 c5 7.dxc5 Fxc5 8.Dc2 
Cc6 9.a3 Da5 10.O-O-O Fe7 11.h4 Td8 12.Cd2 dxc4 13.Cxc4 Txd1+ 14.Dxd1 Dd8 
15.Dxd8+ Cxd8 16.Fe2 Fd7 17.e4 Fc6 18.f3 Ch5 19.Fc7 Tc8 20.Fe5 Ff6 21.Cd6 
Ta8 22.Fxf6 Cxf6 23.Td1 Rf8 24.Rd2 Ce8 25.Cc4 f6 26.Re3 b6 27.f4 Cf7 28.g4
h6 29.g5 hxg5 30.hxg5 Re7 31.gxf6+ Cxf6 32.Tg1 Tg8 33.Tg6 Fb7 34.a4 Ch8 
35.Tg1 Cf7 36.a5 g5 37.fxg5 Txg5 38.Txg5 Cxg5 39.e5 Cd7 40.Cd6 Ff3 41.axb6
axb6 42.Fxf3 Cxf3 43.Cc8+ Rd8 44.Rxf3 Cxe5+ 45.Re4 Cc4 46.Rd4 Cxb2 47.Cxb6
Rc7 48.Cc4 Cxc4 49.Rxc4 1/2-1/2

[Event "Corus A"]
[Site "Wijk aan Zee NED"]
[Date "2007.01.28"]
[Round "13"]
[White "Radjabov, Teimour"]
[Black "Topalov, Veselin"]
[Result "1/2-1/2"]
[WhiteElo "2729"]
[BlackElo "2783"]
[EventDate "2007.01.13"]

1.d4 Cf6 2.c4 e6 3.Cf3 d5 4.g3 Fb4+ 5.Fd2 Fe7 6.Fg2 O-O 7.O-O c6 8.Ff4 
Cbd7 9.Dc2 a5 10.Td1 Ch5 11.Fc1 b5 12.cxd5 cxd5 13.e4 dxe4 14.Dxe4 Tb8 15.
De2 Chf6 16.Ff4 Tb6 17.Ce5 Cd5 18.Fxd5 exd5 19.Cc3 Cxe5 20.dxe5 d4 21.Fe3 
dxe3 22.Dxe3 Fg5 23.Dc5 Fe7 24.De3 Fg5 25.Dc5 Fe7 26.De3 1/2-1/2

[Event "XXIV SuperGM"]
[Site "Morelia/Linares MEX/ESP"]
[Date "2007.02.17"]
[Round "1"]
[White "Topalov, Veselin"]
[Black "Anand, Viswanathan"]
[Result "1/2-1/2"]
[WhiteElo "2783"]
[BlackElo "2779"]
[EventDate "2007.02.17"]

1.d4 Cf6 2.c4 e6 3.Cf3 b6 4.g3 Fa6 5.b3 Fb4+ 6.Fd2 Fe7 7.Fg2 c6 8.Fc3 d5 
9.Ce5 Cfd7 10.Cxd7 Cxd7 11.Cd2 O-O 12.O-O Cf6 13.e4 dxe4 14.Cxe4 b5 15.De2
bxc4 16.Tfd1 Cd5 17.Fe1 Cb6 18.Cc5 Dc8 19.Cxa6 Dxa6 20.a4 Tab8 21.Ff3 Ff6 
22.Tac1 Cd5 23.Dxc4 Db7 24.Dxc6 Dxb3 25.Fe4 Cb4 26.Dd7 a5 27.Tb1 Da2 28.
Da7 Dxa4 29.Ta1 Db5 30.Dxa5 Cd5 1/2-1/2

[Event "XXIV SuperGM"]
[Site "Morelia/Linares MEX/ESP"]
[Date "2007.02.18"]
[Round "2"]
[White "Ivanchuk, Vassily"]
[Black "Topalov, Veselin"]
[Result "1-0"]
[WhiteElo "2750"]
[BlackElo "2783"]
[EventDate "2007.02.17"]

1.e4 c5 2.Cf3 d6 3.d4 cxd4 4.Cxd4 Cf6 5.Cc3 a6 6.Fe3 e5 7.Cf3 Fe7 8.Fc4 
O-O 9.O-O Fe6 10.Fxe6 fxe6 11.Ca4 Cg4 12.Dd3 Cxe3 13.Dxe3 b5 14.Cb6 Ta7 
15.Cd5 Tb7 16.Dd2 Cc6 17.Tad1 Td7 18.Dc3 Cb8 19.Cxe7+ Dxe7 20.Td3 h6 21.
Tfd1 Tfd8 22.h4 Rh7 23.T1d2 Df8 24.Db3 De8 25.a4 Dg6 26.axb5 axb5 27.Te3 
Ca6 28.Dxb5 Cc5 29.Dc4 Ta7 30.Te1 De8 31.b4 Ca4 32.Db3 Cb6 33.Ted1 Tad7 
34.Dd3 Tc8 35.c3 Ta7 36.De3 Ta6 37.De2 Cc4 38.Ta2 Tac6 39.Ta7 T6c7 40.Tda1
Df7 41.Dxc4 1-0

[Event "XXIV SuperGM"]
[Site "Morelia/Linares MEX/ESP"]
[Date "2007.02.19"]
[Round "3"]
[White "Topalov, Veselin"]
[Black "Leko, Peter"]
[Result "1/2-1/2"]
[WhiteElo "2783"]
[BlackElo "2749"]
[EventDate "2007.02.17"]

1.d4 Cf6 2.c4 e6 3.Cf3 b6 4.g3 Fa6 5.b3 Fb4+ 6.Fd2 Fe7 7.Fg2 c6 8.Fc3 d5 
9.Ce5 Cfd7 10.Cxd7 Cxd7 11.Cd2 O-O 12.O-O Tc8 13.e4 c5 14.exd5 exd5 15.
dxc5 dxc4 16.c6 cxb3 17.Te1 b2 18.Fxb2 Cc5 19.Cb3 Cd3 20.Te2 Cxb2 21.Txb2 
Dxd1+ 22.Txd1 Tfd8 23.Tbd2 Txd2 24.Txd2 Td8 25.Txd8+ Fxd8 26.Cd4 Fc4 27.a4
Rf8 28.Cb5 Fxb5 29.axb5 Re7 30.f4 Fc7 31.Rf2 h6 32.h4 f5 33.h5 Rf6 34.Ff1 
Fd6 35.Re3 Fc7 36.Rd4 Fd6 37.Rd5 Fc7 38.Fd3 Fb8 39.Fc2 1/2-1/2

[Event "XXIV SuperGM"]
[Site "Morelia/Linares MEX/ESP"]
[Date "2007.02.21"]
[Round "4"]
[White "Topalov, Veselin"]
[Black "Svidler, Peter"]
[Result "1/2-1/2"]
[WhiteElo "2783"]
[BlackElo "2728"]
[EventDate "2007.02.17"]

1.Cf3 Cf6 2.c4 g6 3.Cc3 d5 4.Da4+ Fd7 5.Db3 dxc4 6.Dxc4 a6 7.d4 b5 8.Db3 
c5 9.dxc5 Fg7 10.e4 O-O 11.Fe2 Fc6 12.e5 Cfd7 13.Fe3 Cxe5 14.Cxe5 Fxe5 15.
Td1 Da5 16.O-O e6 17.f4 Fg7 18.a3 Dc7 19.Dc2 b4 20.axb4 Db7 21.Td6 Dxb4 
22.Tfd1 Ta7 23.T1d2 Td7 24.Txd7 Cxd7 25.Td6 Db7 26.Dd2 Cf6 27.Ff1 Tb8 28.
Td8+ Ff8 29.Txb8 1/2-1/2

[Event "XXIV SuperGM"]
[Site "Morelia/Linares MEX/ESP"]
[Date "2007.02.22"]
[Round "5"]
[White "Carlsen, Magnus"]
[Black "Topalov, Veselin"]
[Result "1-0"]
[WhiteElo "2690"]
[BlackElo "2783"]
[EventDate "2007.02.17"]

1.d4 d5 2.c4 c6 3.Cf3 Cf6 4.Cc3 e6 5.e3 Cbd7 6.Dc2 Fd6 7.b3 O-O 8.Fe2 b6 
9.O-O Fb7 10.Fb2 Te8 11.Tad1 De7 12.Tfe1 Tac8 13.e4 Cxe4 14.Cxe4 dxe4 15.
Dxe4 Fb4 16.Tf1 Fa3 17.Fxa3 Dxa3 18.Dc2 Cf6 19.c5 Fa6 20.Fxa6 Dxa6 21.Ce5 
Cd5 22.Cc4 Ted8 23.a3 Tc7 24.Dc1 Ce7 25.Td2 Cf5 26.Tfd1 b5 27.Ce5 Dc8 28.
Td3 f6 29.Cf3 Tcd7 30.Df4 Td5 31.De4 Dd7 32.T3d2 h5 33.h4 a5 34.Rf1 Te8 
35.Te1 Rf7 36.Ted1 Ch6 37.Te1 Te7 38.Df4 Tf5 39.Dd6 Dc8 40.Tde2 Td5 41.Df4
Cf5 42.Te4 Td8 43.g4 hxg4 44.Dxg4 Dd7 45.h5 Rg8 46.Rg2 Dd5 47.Dg6 Tf8 48.
h6 Dd8 49.d5 Dxd5 50.Tg4 Dd7 51.Th1 De8 52.hxg7 Txg7 53.Dh7+ Rf7 54.Txg7+ 
Cxg7 55.Th6 Dd8 56.Dg6+ Rg8 57.Dh7+ Rf7 58.Dg6+ Rg8 59.Th7 Dd7 60.Cd2 f5 
61.Cf3 Tf6 62.Dxf6 Rxh7 63.Cg5+ Rg8 64.Dg6 1-0

[Event "XXIV SuperGM"]
[Site "Morelia/Linares MEX/ESP"]
[Date "2007.02.24"]
[Round "6"]
[White "Aronian, Levon"]
[Black "Topalov, Veselin"]
[Result "1/2-1/2"]
[WhiteElo "2744"]
[BlackElo "2783"]
[EventDate "2007.02.17"]

1.d4 d5 2.c4 c6 3.Cf3 Cf6 4.Dc2 dxc4 5.Dxc4 Ff5 6.g3 e6 7.Fg2 Cbd7 8.O-O 
Fe7 9.Cc3 O-O 10.Te1 Fg6 11.h3 h6 12.Ff4 Cd5 13.Fd2 Cb4 14.Tac1 Cc2 15.
Ted1 Cb6 16.Db3 Cxd4 17.Cxd4 Dxd4 18.Fxh6 Dc4 19.Fe3 Dxb3 20.axb3 Cd5 21.
Cxd5 cxd5 22.Tc7 1/2-1/2

[Event "XXIV SuperGM"]
[Site "Morelia/Linares MEX/ESP"]
[Date "2007.02.25"]
[Round "7"]
[White "Topalov, Veselin"]
[Black "Morozevich, Alexander"]
[Result "1-0"]
[WhiteElo "2783"]
[BlackElo "2741"]
[EventDate "2007.02.17"]

1.e4 e6 2.d4 d5 3.Cc3 Cf6 4.e5 Cfd7 5.f4 c5 6.Cf3 Cc6 7.Fe3 a6 8.Ce2 Db6 
9.Dc1 g5 10.c3 cxd4 11.cxd4 Fb4+ 12.Rf2 f6 13.g3 Tf8 14.Rg2 g4 15.Ch4 Tg8 
16.h3 h5 17.hxg4 hxg4 18.Cc3 fxe5 19.fxe5 Ccxe5 20.dxe5 d4 21.Ca4 Da5 22.
Dc4 Cxe5 23.Dxd4 Cf3 24.Cxf3 gxf3+ 25.Rf2 Dxa4 26.Fd3 Dd7 27.De4 Fd6 28.
Tag1 Dg7 29.Th6 Dxb2+ 30.Rxf3 Tf8+ 31.Ff4 De5 32.Dg6+ Rd8 33.Rg2 Db2+ 34.
Rh1 Fxf4 35.gxf4 Fd7 36.Fe4 Rc7 37.Tb1 Df2 38.Txb7+ Rc8 39.Tb1 Ta7 40.f5 
Tc7 41.fxe6 Fe8 42.Dg5 Dd4 43.Fg2 Tf4 44.e7 Tc5 45.Dg3 Tc3 46.De1 Te3 47.
Da5 Fb5 48.Tc1+ 1-0

[Event "XXIV SuperGM"]
[Site "Morelia/Linares MEX/ESP"]
[Date "2007.03.02"]
[Round "8"]
[White "Anand, Viswanathan"]
[Black "Topalov, Veselin"]
[Result "1/2-1/2"]
[WhiteElo "2779"]
[BlackElo "2783"]
[EventDate "2007.02.17"]

1.e4 c5 2.Cf3 d6 3.d4 cxd4 4.Cxd4 Cf6 5.Cc3 a6 6.Fe3 e5 7.Cf3 Fe7 8.Fc4 
O-O 9.O-O Cc6 10.Te1 b5 11.Ff1 Tb8 12.Fg5 Cg4 13.Fd2 Fe6 14.Cd5 h6 15.h3 
Cf6 16.c4 Dd7 17.b3 Fd8 18.Tc1 Fxd5 19.cxd5 Ce7 20.Fd3 Fb6 21.Ch4 g5 22.
Cf3 Tfc8 23.Txc8+ Txc8 24.Ch2 Cg6 25.Cg4 1/2-1/2

[Event "XXIV SuperGM"]
[Site "Morelia/Linares MEX/ESP"]
[Date "2007.03.03"]
[Round "9"]
[White "Topalov, Veselin"]
[Black "Ivanchuk, Vassily"]
[Result "1/2-1/2"]
[WhiteElo "2783"]
[BlackElo "2750"]
[EventDate "2007.02.17"]

1.e4 c5 2.Cf3 e6 3.d4 cxd4 4.Cxd4 a6 5.Fd3 Fc5 6.Cb3 Fa7 7.De2 d6 8.Fe3 
Cc6 9.f4 Cge7 10.O-O O-O 11.c3 b5 12.C1d2 Fxe3+ 13.Dxe3 Tb8 14.Rh1 Db6 15.
De2 a5 16.a3 Fd7 17.Tf3 Cg6 18.g3 Tfd8 19.Td1 Cce7 20.h4 h6 21.Rh2 Fe8 22.
Tg1 Cc6 23.h5 Cf8 24.g4 e5 25.g5 hxg5 26.fxg5 Tb7 27.Df1 Ce6 28.h6 g6 29.
Cc1 Dc7 30.Df2 De7 31.Dh4 b4 32.Cc4 bxc3 33.bxc3 d5 34.exd5 Txd5 35.Te3 
Dc5 36.Tf1 Tb2+ 37.Tf2 Txf2+ 38.Dxf2 De7 39.Fe4 Td1 40.Dc2 Td8 41.Cd3 Cxg5
42.Fxc6 Fxc6 43.Cdxe5 Df6 44.Cxc6 Dxc6 45.De2 Dc7+ 46.Ce5 Td5 47.Rg2 Ce6 
48.Dc4 De7 49.Rg3 Dg5+ 50.Cg4 Tc5 51.De4 Tf5 52.Tf3 Rh7 53.c4 a4 54.De3 
De7 55.Dc3 Dc7+ 56.Rf2 Txf3+ 57.Dxf3 Dc5+ 58.Ce3 f5 59.Db7+ Rxh6 60.Dd5 
De7 61.De5 Dh4+ 62.Rf1 Cg5 63.Dh8+ Ch7 64.De5 Cf6 65.Re2 Rg5 66.c5 Dh5+ 
67.Rd3 Df3 68.Rc4 Db7 69.Dc3 Ce4 70.Db4 Da6+ 71.Rd4 Df6+ 72.Rd5 Rf4 73.Dd4
Df7+ 74.Rc6 De8+ 75.Rb6 Db8+ 76.Ra6 Da8+ 77.Rb6 Db8+ 1/2-1/2

[Event "XXIV SuperGM"]
[Site "Morelia/Linares MEX/ESP"]
[Date "2007.03.04"]
[Round "10"]
[White "Leko, Peter"]
[Black "Topalov, Veselin"]
[Result "1/2-1/2"]
[WhiteElo "2749"]
[BlackElo "2783"]
[EventDate "2007.02.17"]

1.e4 c5 2.Cf3 d6 3.d4 cxd4 4.Cxd4 Cf6 5.Cc3 a6 6.Fe3 e5 7.Cf3 Dc7 8.a4 Fe7
9.a5 O-O 10.Fe2 Fe6 11.O-O Tc8 12.Cd5 Cxd5 13.exd5 Fg4 14.c4 Cd7 15.Cd2 
Fxe2 16.Dxe2 f5 17.f3 Cf6 18.b4 Dd7 19.Tfd1 De8 20.Dd3 Dh5 21.c5 Td8 22.
Cc4 Tac8 23.Tac1 e4 24.fxe4 fxe4 25.Db3 Cg4 26.h3 Cxe3 27.Cxe3 Fg5 28.c6 
Tf8 29.Te1 Dh4 30.Da2 Ff4 31.De2 Dg3 32.Cf1 Dd3 33.Dxd3 exd3 34.Tc4 bxc6 
35.dxc6 d5 36.Td4 Txc6 37.Txd3 Tc4 38.b5 axb5 39.Txd5 b4 40.a6 Tc6 41.Tb5 
Fd6 42.Ta1 Ta8 43.a7 Tb6 44.Txb6 Fc5+ 45.Rh1 Fxb6 46.Ta4 Fc5 47.Ta5 Fxa7 
48.Cd2 Td8 49.Txa7 Txd2 50.Tb7 Td4 51.Rg1 Tf4 52.Rh2 h5 53.Rg3 Tc4 54.Rf3 
Rh7 55.Tb6 g5 56.Tb7+ Rg6 57.Tb6+ Rf7 58.g4 Tf4+ 59.Rg3 h4+ 60.Rg2 Tc4 61.
Rf3 Re7 62.Re3 Rd7 63.Rd2 Rc7 64.Tb5 Rc6 65.Txg5 b3 66.Tg8 Tc2+ 67.Rd1 Rc7
68.Tg7+ Rb6 69.Tg8 Ra7 70.Tg7+ Ra6 71.Tg8 Rb7 72.Tg7+ Rc6 73.Tg8 Th2 74.
Rc1 Txh3 75.g5 Rd7 76.Tf8 Re7 77.Tf6 Tg3 78.Th6 h3 79.Rb2 Rf7 80.Ra3 Rg7 
81.Rb2 Rg8 82.Ra3 Rf7 83.Rb2 Rg7 84.Rc1 1/2-1/2

[Event "XXIV SuperGM"]
[Site "Morelia/Linares MEX/ESP"]
[Date "2007.03.06"]
[Round "11"]
[White "Svidler, Peter"]
[Black "Topalov, Veselin"]
[Result "1/2-1/2"]
[WhiteElo "2728"]
[BlackElo "2783"]
[EventDate "2007.02.17"]

1.e4 c5 2.Cf3 d6 3.d4 cxd4 4.Cxd4 Cf6 5.Cc3 a6 6.Fe3 e5 7.Cb3 Fe6 8.f3 h5 
9.Dd2 Cbd7 10.O-O-O Fe7 11.h3 Dc7 12.Fd3 h4 13.f4 b5 14.The1 Tb8 15.Rb1 
Cb6 16.Df2 b4 17.Ce2 Cc4 18.Cd2 Cxe3 19.Dxe3 a5 20.b3 a4 21.Fc4 axb3 22.
cxb3 Fd7 23.Cf3 O-O 24.fxe5 dxe5 25.Cxh4 Fc6 26.Cg3 Cxe4 27.Cxe4 Fxh4 28.
g3 Fe7 29.Cf2 Tbd8 30.Txd8 Dxd8 31.Td1 Da5 32.Cg4 e4 33.Ch6+ gxh6 34.Dxh6 
Df5 35.g4 Dc5 36.Dg6+ Rh8 37.Dh6+ Rg8 38.Dg6+ 1/2-1/2

[Event "XXIV SuperGM"]
[Site "Morelia/Linares MEX/ESP"]
[Date "2007.03.07"]
[Round "12"]
[White "Topalov, Veselin"]
[Black "Carlsen, Magnus"]
[Result "1/2-1/2"]
[WhiteElo "2783"]
[BlackElo "2690"]
[EventDate "2007.02.17"]

1.Cf3 Cf6 2.c4 b6 3.g3 c5 4.Fg2 Fb7 5.O-O e6 6.Cc3 Fe7 7.Te1 d5 8.d4 dxc4 
9.dxc5 Fxc5 10.Da4+ Cbd7 11.Dxc4 O-O 12.Td1 Tc8 13.Dh4 Fe7 14.Dh3 De8 15.
Cd4 Fxg2 16.Dxg2 Ce5 17.Db7 Fc5 18.Fg5 Cfg4 19.h3 Cc6 20.hxg4 Fxd4 21.Cb5 
Tb8 22.Dc7 Tc8 23.Db7 Tb8 24.Dc7 Tc8 25.Db7 1/2-1/2

[Event "XXIV SuperGM"]
[Site "Morelia/Linares MEX/ESP"]
[Date "2007.03.09"]
[Round "13"]
[White "Morozevich, Alexander"]
[Black "Topalov, Veselin"]
[Result "1-0"]
[WhiteElo "2741"]
[BlackElo "2783"]
[EventDate "2007.02.17"]

1.e4 c5 2.Cf3 d6 3.c3 Cf6 4.Fe2 Fd7 5.d3 e6 6.Cbd2 Fe7 7.O-O O-O 8.a3 Fc6 
9.Te1 Cbd7 10.Ff1 Ce5 11.Cxe5 dxe5 12.Cc4 Dc7 13.b4 Tfd8 14.Db3 b5 15.Ca5 
Fe8 16.f3 Cd7 17.Fe3 Cb6 18.Tec1 Ca4 19.Dc2 h6 20.Df2 Fg5 21.Fxg5 hxg5 22.
Tc2 Tac8 23.Tac1 De7 24.De1 Tc7 25.c4 Tdc8 26.cxb5 Fxb5 27.bxc5 Txc5 28.
Txc5 Txc5 29.Db4 Fxd3 30.Txc5 Dxc5+ 31.Dxc5 Cxc5 32.Cc6 Rf8 33.Cxa7 Re7 
34.Cc6+ Rd6 35.Ca5 f6 36.Rf2 Fxf1 37.Rxf1 g4 38.Re2 gxf3+ 39.Rxf3 Cd3 40.
Cb3 Ce1+ 41.Rf2 Cc2 42.a4 Cd4 43.Cc1 Rc5 44.Cd3+ Rc4 45.Re3 Cc2+ 46.Re2 
Rd4 47.Cf2 Cb4 48.h4 Cc6 49.h5 Ca5 50.Cg4 Cc4 51.h6 gxh6 52.Cxf6 Rc3 53.
Cg4 h5 54.Ce3 Ca5 55.Rf3 Cb3 56.Cf1 Rd3 57.Rg3 Rxe4 58.Rh4 Rd3 59.Rxh5 e4 
60.g4 Cd2 61.Cxd2 Rxd2 62.a5 e3 63.a6 e2 64.a7 e1=D 65.a8=D De5+ 66.g5 Df5
67.Dd8+ Rc1 68.Df6 Dd5 69.Rh6 e5 70.g6 e4 71.g7 e3 72.Dc3+ Rb1 73.Dxe3 
Dh1+ 74.Rg6 Dg2+ 75.Dg5 Dc6+ 76.Rh7 Db7 77.Dg1+ Ra2 78.Dh2+ Ra1 79.Rh8 De4
80.g8=D 1-0

[Event "XXIV SuperGM"]
[Site "Morelia/Linares MEX/ESP"]
[Date "2007.03.10"]
[Round "14"]
[White "Topalov, Veselin"]
[Black "Aronian, Levon"]
[Result "1/2-1/2"]
[WhiteElo "2783"]
[BlackElo "2744"]
[EventDate "2007.02.17"]

1.d4 Cf6 2.c4 e6 3.Cf3 b6 4.g3 Fa6 5.b3 Fb4+ 6.Fd2 Fe7 7.Fg2 c6 8.Fc3 d5 
9.Ce5 Cfd7 10.Cxd7 Cxd7 11.Cd2 O-O 12.O-O Tc8 13.e4 c5 14.exd5 exd5 15.
dxc5 dxc4 16.cxb6 Cxb6 17.Te1 cxb3 18.Dxb3 Cd7 19.Ce4 Cc5 20.Cxc5 1/2-1/2

[Event "MTel"]
[Site "Sofia BUL"]
[Date "2007.05.10"]
[Round "1"]
[White "Topalov, Veselin"]
[Black "Nisipeanu, Liviu-Dieter"]
[Result "0-1"]
[WhiteElo "2772"]
[BlackElo "2693"]
[EventDate "2007.05.10"]

1.e4 d5 2.exd5 Dxd5 3.Cc3 Dd6 4.g3 Cf6 5.Fg2 c6 6.d4 g6 7.Ff4 Db4 8.Ce2 
Fg7 9.Dc1 O-O 10.O-O Fg4 11.a3 Da5 12.h3 Fxe2 13.Cxe2 Cbd7 14.c4 e5 15.b4 
Dc7 16.dxe5 Cxe5 17.Dc2 a5 18.Tae1 axb4 19.axb4 Tfe8 20.c5 Cd5 21.Fd2 Cd7 
22.Dc4 C7f6 23.g4 h5 24.Cg3 hxg4 25.hxg4 Dd7 26.g5 Txe1 27.Txe1 Ce8 28.Ff3
Cec7 29.Fg4 Dd8 30.Rg2 Cb5 31.Td1 Ta1 32.Txa1 Fxa1 33.Ff3 Fe5 34.Ce2 Cdc7 
35.Fe3 Ce6 36.Fg4 Cbc7 37.De4 Fg7 38.f4 Dd1 39.Rf2 Fc3 40.b5 De1+ 41.Rg2 
Cd5 42.bxc6 bxc6 43.Dd3 Fd4 44.Fxe6 Cxe3+ 45.Rh2 Df2+ 46.Rh3 Df3+ 47.Cg3 
Dg2+ 0-1

[Event "MTel"]
[Site "Sofia BUL"]
[Date "2007.05.11"]
[Round "2"]
[White "Topalov, Veselin"]
[Black "Adams, Michael"]
[Result "1/2-1/2"]
[WhiteElo "2772"]
[BlackElo "2734"]
[EventDate "2007.05.10"]

1.d4 Cf6 2.c4 e6 3.Cf3 b6 4.g3 Fa6 5.b3 Fb4+ 6.Fd2 Fe7 7.Fg2 c6 8.Fc3 d5 
9.Ce5 Cfd7 10.Cxd7 Cxd7 11.Cd2 O-O 12.O-O Tc8 13.Te1 c5 14.cxd5 exd5 15.e3
Cf6 16.Db1 Dd7 17.Db2 cxd4 18.Fxd4 Fd3 19.Tac1 h5 20.Cf3 Fe4 21.Ce5 De6 
22.f3 Ff5 23.b4 Tfe8 24.b5 Txc1 25.Txc1 Fc5 26.Dc3 Fh3 27.Te1 h4 28.Cc6 
Cd7 29.Fxg7 hxg3 30.hxg3 Dg6 31.Fxh3 Dxg3+ 32.Fg2 Dxg7 33.Dxg7+ Rxg7 34.
Rf2 f5 35.f4 Cf6 36.Ff3 Ce4+ 37.Re2 Cc3+ 38.Rd3 Cxb5 39.Ce5 Rf6 40.a4 Cc7 
41.Th1 Txe5 42.fxe5+ Rxe5 43.Th7 Ce6 44.Txa7 b5 45.Ta8 bxa4 46.Txa4 f4 47.
exf4+ Cxf4+ 48.Txf4 Rxf4 49.Fxd5 Re5 1/2-1/2

[Event "MTel"]
[Site "Sofia BUL"]
[Date "2007.05.12"]
[Round "3"]
[White "Mamedyarov, Shakhriyar"]
[Black "Topalov, Veselin"]
[Result "1-0"]
[WhiteElo "2757"]
[BlackElo "2772"]
[EventDate "2007.05.10"]

1.d4 Cf6 2.c4 e6 3.Cf3 d5 4.Cc3 c6 5.Fg5 h6 6.Fxf6 Dxf6 7.Db3 Cd7 8.e4 
dxe4 9.Cxe4 Df4 10.Fd3 e5 11.O-O exd4 12.Cxd4 Cc5 13.Cxc5 Fxc5 14.Tae1+ 
Rf8 15.Te4 Df6 16.Dc3 a5 17.Tfe1 Fd7 18.T1e3 Fb4 19.Dc2 Dd6 20.Tf3 h5 21.
c5 Fxc5 22.Fc4 f6 23.Ce6+ Fxe6 24.Txe6 Dd7 25.Df5 Dd4 26.Te4 Dd1+ 27.Ff1 
Fd6 28.Td3 Fxh2+ 29.Rxh2 Dxf1 30.Td7 1-0

[Event "MTel"]
[Site "Sofia BUL"]
[Date "2007.05.13"]
[Round "4"]
[White "Sasikiran, Krishnan"]
[Black "Topalov, Veselin"]
[Result "0-1"]
[WhiteElo "2690"]
[BlackElo "2772"]
[EventDate "2007.05.10"]

1.d4 Cf6 2.Cf3 g6 3.c4 Fg7 4.Cc3 O-O 5.e4 d6 6.Fe2 e5 7.Fe3 Cg4 8.Fg5 f6 
9.Fh4 g5 10.Fg3 Ch6 11.d5 Cd7 12.h3 f5 13.exf5 Cc5 14.Cd2 Fxf5 15.O-O e4 
16.Cb3 b6 17.Cd4 Df6 18.Cc6 a5 19.f4 Fd7 20.Cb5 Fxc6 21.dxc6 Dxb2 22.Tb1 
Dxa2 23.Cxc7 Cf5 24.Ff2 e3 25.Fe1 Cd4 26.Cxa8 Cxe2+ 27.Rh2 Cxf4 28.Txf4 
gxf4 29.Txb6 f3 30.Dd5+ Ce6 31.Dxe6+ Rh8 32.Dg4 Fe5+ 33.Rh1 f2 0-1

[Event "MTel"]
[Site "Sofia BUL"]
[Date "2007.05.14"]
[Round "5"]
[White "Topalov, Veselin"]
[Black "Kamsky, Gata"]
[Result "1/2-1/2"]
[WhiteElo "2772"]
[BlackElo "2705"]
[EventDate "2007.05.10"]

1.d4 Cf6 2.c4 e6 3.Cf3 b6 4.g3 Fa6 5.b3 d5 6.Fg2 Fb4+ 7.Fd2 Fxd2+ 8.Dxd2 
c6 9.Ce5 Cfd7 10.Cc3 Cxe5 11.dxe5 Cd7 12.f4 De7 13.O-O Td8 14.Tfd1 O-O 15.
De3 Tfe8 16.a4 Db4 17.Ca2 Dc5 18.Td4 f6 19.cxd5 fxe5 20.fxe5 exd5 21.b4 
De7 22.b5 Fb7 23.bxc6 Fxc6 24.Cb4 Cxe5 25.Tc1 Rh8 26.Cxc6 Cxc6 27.Dxe7 
Cxe7 28.Tc7 Tc8 29.Txc8 Txc8 30.Fxd5 Cxd5 31.Txd5 Rg8 32.a5 bxa5 33.Txa5 
Tc7 34.e4 Rf7 35.Rg2 Tc2+ 36.Rh3 Tc4 37.Txa7+ Rf8 38.e5 Tc5 39.e6 Te5 40.
Tf7+ Rg8 41.Te7 Rf8 42.Tf7+ Rg8 43.Te7 1/2-1/2

[Event "MTel"]
[Site "Sofia BUL"]
[Date "2007.05.16"]
[Round "6"]
[White "Nisipeanu, Liviu-Dieter"]
[Black "Topalov, Veselin"]
[Result "0-1"]
[WhiteElo "2693"]
[BlackElo "2772"]
[EventDate "2007.05.10"]

1.e4 c5 2.Cf3 d6 3.d4 cxd4 4.Cxd4 Cf6 5.Cc3 a6 6.Fe3 e5 7.Cde2 Fe6 8.f4 g6
9.h3 h5 10.fxe5 dxe5 11.Dxd8+ Rxd8 12.O-O-O+ Cbd7 13.Cg1 Tc8 14.Fd3 Fh6 
15.Fxh6 Txh6 16.Cf3 Re7 17.Cg5 h4 18.Fe2 Tc5 19.Thf1 Th8 20.Td3 Thc8 21.
Rd2 b5 22.a3 a5 23.b4 axb4 24.axb4 T5c6 25.Tdf3 Fc4 26.Fxc4 Txc4 27.Ta1 
Txb4 28.Cd5+ Cxd5 29.Txf7+ Rd6 30.exd5 Td4+ 31.Rc1 Cc5 32.Taa7 e4 33.Ce6 
Tc4 34.Cxc5 T8xc5 35.Tad7+ Re5 36.Tf2 b4 37.Te7+ Rd6 38.Tb7 Rxd5 39.Rb2 e3
40.Te2 Te4 41.Rb3 Re5 42.Tf7 g5 43.Tf8 Td5 44.c4 Td7 45.Te1 Td2 46.Rxb4 
Txg2 47.Rc3 Tg3 48.Te8+ Rf5 49.Tf1+ Rg6 50.Txe4 e2+ 51.Tf3 Txf3+ 52.Rd2 
Txh3 53.c5 Ta3 54.c6 Ta2+ 0-1

[Event "MTel"]
[Site "Sofia BUL"]
[Date "2007.05.17"]
[Round "7"]
[White "Adams, Michael"]
[Black "Topalov, Veselin"]
[Result "1/2-1/2"]
[WhiteElo "2734"]
[BlackElo "2772"]
[EventDate "2007.05.10"]

1.e4 c5 2.Cc3 d6 3.g3 g6 4.Fg2 Fg7 5.Cge2 Cc6 6.d3 e5 7.a3 Cge7 8.Tb1 Fe6 
9.b4 Dd7 10.Cd5 Cd4 11.O-O b6 12.bxc5 bxc5 13.Cxe7 Dxe7 14.Cxd4 cxd4 15.f4
f6 16.f5 Ff7 17.c3 dxc3 18.Da4+ Dd7 19.Dxd7+ Rxd7 20.Tb7+ Re8 21.Tc7 Td8 
22.Fh3 d5 23.exd5 Txd5 24.Txc3 gxf5 25.Fe3 Fe6 26.Fg2 Td6 27.Tc7 Fd7 28.
Tb1 Rf7 29.Tbb7 Td8 30.d4 Rg6 31.Txa7 Fh6 32.Fxh6 Rxh6 33.dxe5 fxe5 34.Ff1
f4 35.gxf4 exf4 36.Ta6 Txa6 37.Fxa6 Fg4 38.Tc2 Td1+ 39.Rf2 Ta1 40.Fe2 Fxe2
41.Txe2 Txa3 42.Te8 Rg5 43.Tg8+ Rh4 44.Tf8 Rg4 45.Tg8+ Rh3 46.Th8 Ta7 47.
Tf8 h5 48.Txf4 Ta2+ 49.Rg1 Ta1+ 50.Tf1 Txf1+ 51.Rxf1 Rxh2 52.Rf2 1/2-1/2